Equivariant surgery and classifications of finite group actions on manifolds

Αποθηκεύτηκε σε:
Λεπτομέρειες βιβλιογραφικής εγγραφής
Κύριος συγγραφέας: Dovermann, Karl Heinz 1948-
Άλλοι συγγραφείς: Rothenberg, Melvin 1934-
Μορφή: Βιβλίο
Γλώσσα:English
Δημοσίευση: Rhode island : American Mathematical Society, c1988
Σειρά:Memoirs of the American Mathematical Society ; ; 379
Θέματα:
Ετικέτες: Προσθήκη ετικέτας
Δεν υπάρχουν, Καταχωρήστε ετικέτα πρώτοι!

MARC

LEADER 00000nam a2200000 i 4500
001 1/63842
008 960327s1988 eng d
020 |a 0-8218-2442-2 
035 |a 1994  |l 10046859 
040 |a GR-MY-UA  |b gre  |e aacr 
041 0 |a eng 
082 0 |a 514. 
100 1 |a Dovermann, Karl Heinz  |d 1948- 
245 1 0 |a Equivariant surgery and classifications of finite group actions on manifolds /  |c Karl Heinz Dovermann and Melvin Rothenberg 
260 |a Rhode island :   |b American Mathematical Society,   |c c1988 
300 |a 117 p.;  |c 25 cm. 
490 1 |a Memoirs of the American Mathematical Society  |v ; 379 
500 |a Includes references 
650 0 0 |a Topological transformation groups. 
650 0 0 |a Surgery (Topology) 
650 0 0 |a Cobordism theory. 
700 1 |a Rothenberg, Melvin  |d 1934- 
830 0 |a Memoirs of the American Mathematical Society ;  |v ; 379 
852 |a INST  |b SAMOS  |e 19960327  |h 514 DOV  |p 005300009989  |q 005300009989  |t BK  |y 0 
909 |a Σ  |b 033728